LEADER 01407nam a2200289 i 4500 001 000000118177 003 CaOOAMICUS 005 20030923000000.0 008 030923s2000 it u000 u ita u 013 $a90870 040 $aSeMil$bita 100 1 $aCasale, Enrico.$0(OLS)http://semarc/name/49322 245 10$aPane, minestra e sindacato :$bstorie di cinquant'anni di Cisl in Brianza /$cEnrico Casale, Ilaria Chellini, Sergio Gianni ; prefazione di Sandro Antoniazzi, introduzione storica di Fabio Crippa. 260 $aMonza :$bCisl Brianza,$c2000. 300 $a159 p., [30] p. di tav. ;$c21 cm. 500 $aDono del Card. Dionigi Tettamanzi. 650 4$aCISL - Brianza - Storia.$0(OLS)http://semarc/subject/21986 700 1 $aChellini, Ilaria.$0(OLS)http://semarc/name/49323 700 1 $aCrippa, Fabio.$0(OLS)http://semarc/name/49325 700 1 $aAntoniazzi, Sandro,$d<1939- >.$0(OLS)http://semarc/name/32513 700 1 $aGianni, Sergio.$0(OLS)http://semarc/name/49324 850 $aSeMil 852 $aSeMil$W1$xVenegono$y1$m3P II 54$j73498$B73498$CSeMilBibl$Z2$F99162 $81 941 1 $a5 961 $aOmaggio: Tettamanzi Card. Dionigi 996 $6245$aPane, minestra e sindacato :$bstorie di cinquant'anni di Cisl in Brianza$9(OLS)http://semarc/title/173591 996 $6260$aMonza :$bCisl Brianza$9(OLS)http://semarc/publisher/45776 LEADER 01247nam a2200277 i 4500 001 000000115540 003 CaOOAMICUS 005 20030523000000.0 008 030523s2001 it u000 u ita u 013 $a88229 020 $a88-215-4501-6 040 $aSeMil$bita 100 1 $aAlberione, Giacomo,$c.$0(OLS)http://semarc/name/89110 240 00$aFormarsi in Cristo.$0(OLS)http://semarc/title/169245 245 10$aDonec formetur Christus in vobis :$bmeditazioni del Primo Maestro /$cGiacomo Alberione. 260 $aCinisello Balsamo :$bSan Paolo,$ccopyr. 2001. 300 $a318 p. ;$c22 cm. 500 $aContiene : Appendice ; Allegati. - Fondo Card. C.M. Martini. 773 0 $aAlberione, Giacomo, $tOpera omnia.$dCinisello Balsamo : San Paolo, 1998.$g5$w()9350 850 $aSeMil 852 $aSeMil$W1$xVenegono$y1$m2C III 494$j71054$B71054$CSeMilBibl$Z2$F76352 $81 941 1 $a4 961 $aOmaggio: Martini Card. Carlo Maria 996 $6020$a88-215-4501-6$9(OLS)http://semarc/number/99354 996 $6245$aDonec formetur Christus in vobis :$bmeditazioni del Primo Maestro$9(OLS)http://semarc/title/169246 996 $6260$aCinisello Balsamo :$bSan Paolo$9(OLS)http://semarc/publisher/30129